00487nam a2200121 a 450000100100000000500170001000800410002704000250006824501300009326000880022330000190031150000350033000004626020201002052738.0150713s1990 dr 000 0 spa d aDO-SdBNPbspacBNPHU00aTraslado al panteón nacional de los restos de :bDon Federico Henríquez y Carvajal, Don Francisco Henríquez y Carvajal. aSanto Domingo, República Dominicana :bAcademia Dominicana de la Historia,c1990. a9 p. ;c22 cm. aTítulo tomado de la cubierta